| 000 | 00348nam a2200133Ia 4500 | ||
|---|---|---|---|
| 005 | 20251222144923.0 | ||
| 008 | 251222s9999||||xx |||||||||||||| ||spa|| | ||
| 020 | _a0 | ||
| 082 | _a342.850.2/O41 | ||
| 100 | _aOlaechea, Manuel | ||
| 245 | 0 | _a¿La Constitución de 1979? ¿Se quiere acabar con el Perú? | |
| 264 | _bEstudio Olaechea | ||
| 942 | _cLIB | ||
| 999 |
_c22788 _d22788 |
||